Generator Puzzle #60 - Statistics

General Stats
  • This quiz has been taken 154 times
  • The average score is 12 of 21
Answer Stats
word % Correct
breakfast, lunch or dinner meal
95%
the red planet Mars
88%
big wall painting mural
86%
long term rental arrangement lease
82%
rub out erase
80%
small Madagascan mammal lemur
77%
layer of coal, or a line of sewing on cloth seam
74%
what holds a painting as it's being painted easel
72%
9-letter word JERUSALEM
66%
start again after a pause resume
62%
Spanish for table, in the US it also describes a flat-topped tableland mesa
59%
masculine capital? Malé
56%
unable to walk lame
55%
lightwave amplification by stimulated emission of radiation laser
45%
Brazil's currency real
41%
slander someone, or spread butter smear
37%
film director von Trier, a common boy's name in Sweden and Germany Lars
36%
what comedians do amuse
35%
Greek sister goddess, eg Terpsichore muse
31%
to calculate the size or amount of measure
16%
Swiss-French border mountain range Jura
14%
No matching quizzes found
Score Distribution
Percent of People with Each Score
Percentile by Number Answered
Your Score History
You have not taken this quiz